[Event "Helsingor Xtracon op"]
[Site "Helsingor"]
[Date "2016.07.27"]
[Round "6"]
[White "Johansen, Paul Arne"]
[Black "Percivaldi, Martin"]
[Result "1-0"]
[WhiteElo "2077"]
[BlackElo "2347"]
[PlyCount "113"]
[EventDate "2016.07.23"]
[EventType "swiss"]
[EventRounds "10"]
[EventCountry "DEN"]
[SourceTitle "CBM 173 Extra"]
[Source "ChessBase"]
[SourceDate "2016.08.29"]
[SourceVersion "1"]
[SourceVersionDate "2016.08.29"]
[SourceQuality "1"]

1. c4 e5 2. Nc3 Nf6 3. g3 Bb4 4. Bg2 0-0 5. Nf3 Nc6 6. a3 Bxc3 7. dxc3 d6 8. Qc2 Be6 9. b3 Qc8 10. e4 Bh3 11. 0-0 Bxg2 12. Kxg2 Qg4 13. Re1 Nd7 14. h3 Qe6 15. Nh4 Ne7 16. g4 Ng6 17. Nf5 Rae8 18. f3 a6 19. Be3 Nf4+ 20. Bxf4 exf4 21. Qd2 Nc5 22. Rab1 g6 23. Nd4 Qf6 24. b4 Ne6 25. Rh1 h5 26. Rbg1 hxg4 27. hxg4 Ng5 28. Rh6 c5 29. Nf5 Qe5 30. Qe1 gxf5 31. gxf5 Qg7 32. Qh4 f6 33. Rg6 cxb4 34. cxb4 Kf7 35. Rxg7+ Kxg7 36. Qxf4 Rc8 37. Qc1 Kf7 38. Rh1 Rg8 39. Kf2 Rc6 40. Qd2 Rgc8 41. Qd5+ Kg7 42. f4 Nf7 43. Rg1+ Kf8 44. Rc1 Kg7 45. Qe6 Kf8 46. Qd5 R8c7 47. Ke2 Rc8 48. Kd3 b5 49. Rc3 R6c7 50. a4 bxc4+ 51. Kc2 Rb8 52. Rxc4 Rcb7 53. Kb3 Kg7 54. Ka3 Ra7 55. Qa5 Re8 56. Qb6 Ree7 57. Qg1+ 1-0

[Event "Helsingor Xtracon op"]
[Site "Helsingor"]
[Date "2016.07.26"]
[Round "5"]
[White "Johansen, Paul Arne"]
[Black "Pedersen, Nicolai Kvist Brond"]
[Result "1-0"]
[WhiteElo "2077"]
[BlackElo "2231"]
[PlyCount "111"]
[EventDate "2016.07.23"]
[EventType "swiss"]
[EventRounds "10"]
[EventCountry "DEN"]
[SourceTitle "CBM 173 Extra"]
[Source "ChessBase"]
[SourceDate "2016.08.29"]
[SourceVersion "1"]
[SourceVersionDate "2016.08.29"]
[SourceQuality "1"]

1. d4 Nf6 2. c4 c5 3. d5 b5 4. Nf3 bxc4 5. Nc3 d6 6. e4 g6 7. Bxc4 Bg7 8. 0-0 0-0 9. h3 Ba6 10. Qd3 Qc8 11. Nb5 Nfd7 12. Bg5 Re8 13. Rab1 Nb6 14. b3 Bb7 15. Rfe1 N8d7 16. a4 a5 17. Bf4 Rd8 18. Bg3 Nb8 19. Qe3 Na6 20. Qf4 Nb4 21. Be2 Ba6 22. Qh4 Bxb5 23. Bxb5 Ra7 24. Re2 Rc7 25. Rc1 h6 26. e5 g5 27. Qe4 N6xd5 28. Bc4 Nb6 29. Bxf7+ Kxf7 30. e6+ Kg8 31. h4 N6d5 32. hxg5 hxg5 33. Nxg5 Nf6 34. Qg6 Rf8 35. Bxd6 exd6 36. e7 Nbd5 37. exf8Q+ Qxf8 38. Nh7 Qf7 39. Nxf6+ Nxf6 40. Qg3 d5 41. Qd6 Ne4 42. Qd8+ Bf8 43. f3 Nf6 44. Rce1 Rd7 45. Qxa5 d4 46. Qb5 Bd6 47. Re6 Kg7 48. Qc6 d3 49. Rxd6 Re7 50. Rxe7 Qxe7 51. Re6 Qd8 52. Qd6 Qa5 53. Qe7+ Kg8 54. Qxf6 d2 55. Re8+ Kh7 56. Rh8# 1-0

[Event "Norrkoeping Easter op"]
[Site "Norrkoeping"]
[Date "2016.03.26"]
[Round "4"]
[White "Ernst, Thomas"]
[Black "Johansen, Paul Arne"]
[Result "1-0"]
[WhiteElo "2370"]
[BlackElo "2178"]
[PlyCount "119"]
[EventDate "2016.03.25"]
[EventType "swiss"]
[EventRounds "8"]
[EventCountry "SWE"]
[SourceTitle "CBM 171 Extra"]
[Source "ChessBase"]
[SourceDate "2016.04.26"]
[SourceVersion "1"]
[SourceVersionDate "2016.04.26"]
[SourceQuality "1"]

1. e4 c5 2. Nf3 Nc6 3. d4 cxd4 4. Nxd4 g6 5. c4 Bg7 6. Be3 d6 7. Nc3 Nf6 8. Be2 0-0 9. 0-0 Nxd4 10. Bxd4 Be6 11. Qd2 Qa5 12. Rad1 Rfc8 13. b3 h5 14. Bxf6 Bxf6 15. Nd5 Qxd2 16. Nxf6+ exf6 17. Rxd2 Rc6 18. f4 f5 19. exf5 Bxf5 20. Bf3 Rb6 21. Rfd1 Re8 22. Rxd6 Rxd6 23. Rxd6 Re1+ 24. Kf2 Ra1 25. Rd2 b6 26. Ke3 Kf8 27. Kd4 Ke7 28. Bd5 Rf1 29. g3 h4 30. Re2+ Kf6 31. Ke3 hxg3 32. hxg3 Rg1 33. Kf2 Ra1 34. Ke3 Rg1 35. Rg2 Re1+ 36. Kd4 Rd1+ 37. Kc3 a5 38. Kb2 Bh3 39. Rh2 Bd7 40. Rh8 Rd2+ 41. Kc3 Rxa2 42. Rb8 a4 43. Rxb6+ Be6 44. Bxe6 fxe6 45. Ra6 Rg2 46. Rxa4 Rxg3+ 47. Kb2 Rg2+ 48. Ka3 g5 49. fxg5+ Rxg5 50. Ra6 Rg1 51. Kb4 Kf5 52. c5 e5 53. Ra8 e4 54. Re8 Rc1 55. Kb5 Kf4 56. b4 e3 57. c6 Kf3 58. Kb6 e2 59. c7 Kf2 60. Kb7 1-0

[Event "Konnerud GP A"]
[Site "Konnerud"]
[Date "2015.11.22"]
[Round "4"]
[White "Gonzalez, Francisco Silva"]
[Black "Johansen, Paul Arne"]
[Result "0-1"]
[WhiteElo "2060"]
[BlackElo "2161"]
[PlyCount "73"]
[EventDate "2015.11.21"]
[EventType "swiss"]
[EventRounds "5"]
[EventCountry "NOR"]
[SourceTitle "EXT 2024"]
[Source "ChessBase"]
[SourceDate "2023.10.10"]
[SourceVersion "1"]
[SourceVersionDate "2023.10.10"]
[SourceQuality "1"]

1. d4 e6 2. c4 f5 3. e3 Nf6 4. Bd3 b6 5. Ne2 Bb7 6. 0-0 Be7 7. Nbc3 0-0 8. f3 c5 9. d5 exd5 10. cxd5 Ne8 11. Ng3 Nd6 12. Qe2 Bf6 13. e4 Bd4+ 14. Kh1 c4 15. Bc2 f4 16. Nh5 Be5 17. g3 fxg3 18. hxg3 Qe8 19. Qh2 Na6 20. Bf4 Nb4 21. Rf2 Nxc2 22. Rxc2 b5 23. Rd1 b4 24. Ne2 g6 25. Bxe5 Qxe5 26. Nhf4 g5 27. Rg1 g4 28. Qh4 gxf3 29. Qg4+ Kh8 30. Qxf3 Nxe4 31. Rg2 Bxd5 32. Qe3 Nxg3+ 33. Qxg3 Bxg2+ 34. Qxg2 Rac8 35. Rd2 Rxf4 36. Nxf4 Qxf4 37. Rxd7 0-1

[Event "Konnerud GP A"]
[Site "Konnerud"]
[Date "2015.11.21"]
[Round "3"]
[White "Johansen, Paul Arne"]
[Black "Tryggestad, Andreas Garberg"]
[Result "1/2-1/2"]
[WhiteElo "2161"]
[BlackElo "2070"]
[PlyCount "80"]
[EventDate "2015.11.21"]
[EventType "swiss"]
[EventRounds "5"]
[EventCountry "NOR"]
[SourceTitle "EXT 2024"]
[Source "ChessBase"]
[SourceDate "2023.10.10"]
[SourceVersion "1"]
[SourceVersionDate "2023.10.10"]
[SourceQuality "1"]

1. c4 Nf6 2. g3 c6 3. Bg2 d5 4. Qc2 dxc4 5. Qxc4 g6 6. Nf3 Bg7 7. 0-0 0-0 8. d4 Be6 9. Qd3 Bf5 10. Qb3 Qc8 11. Nc3 Na6 12. Re1 Be6 13. Qa3 c5 14. dxc5 Qxc5 15. Qxc5 Nxc5 16. Be3 Nce4 17. Nxe4 Nxe4 18. Bd4 Nd6 19. Bxg7 Kxg7 20. Nd4 Bd7 21. Nb3 Rac8 22. Rac1 b6 23. Nd2 Rxc1 24. Rxc1 Rc8 25. Rxc8 Bxc8 26. Kf1 Bb7 27. Bxb7 Nxb7 28. e4 e5 29. Ke2 Kf6 30. Kd3 Nd6 31. Nc4 Ke6 32. a4 f5 33. exf5+ gxf5 34. Nxd6 Kxd6 35. Kc4 a6 36. b4 Kc6 37. b5+ axb5+ 38. axb5+ Kd6 39. f4 exf4 40. gxf4 Ke6 1/2-1/2

[Event "NOR-chB"]
[Site "Oslo"]
[Date "2015.07.11"]
[Round "9"]
[White "Johansen, Paul Arne"]
[Black "Lillelokken, Kjell Arne"]
[Result "1/2-1/2"]
[WhiteElo "2081"]
[BlackElo "2031"]
[PlyCount "133"]
[EventDate "2015.07.04"]
[EventType "swiss"]
[EventRounds "9"]
[EventCountry "NOR"]
[SourceTitle "EXT 2017"]
[Source "ChessBase"]
[SourceDate "2016.10.25"]
[SourceVersion "1"]
[SourceVersionDate "2016.10.25"]
[SourceQuality "1"]

1. c4 e6 2. Nf3 d5 3. g3 f5 4. Bg2 Nf6 5. 0-0 c6 6. b3 a5 7. Bb2 Be7 8. d3 0-0 9. Nbd2 c5 10. cxd5 exd5 11. Ne5 Bd6 12. e4 fxe4 13. dxe4 d4 14. Nd3 Be7 15. Rc1 Na6 16. a4 Rb8 17. Nf4 g5 18. Nd3 b6 19. h3 Qe8 20. e5 Nh5 21. Nc4 Be6 22. Qd2 Qg6 23. Rce1 Nc7 24. Nd6 Ng7 25. Nc4 Nd5 26. Kh2 Kh8 27. Bc1 Nf5 28. Nd6 Rg8 29. Nxf5 Qxf5 30. g4 Qg6 31. Bxd5 Bxd5 32. f4 gxf4 33. Nxf4 Qc6 34. Qc2 Bh4 35. Re2 Bf3 36. e6 Bxe2 37. Qxe2 Qd6 38. Kh1 Rbe8 39. Ng2 Rxe6 40. Qd3 Qd5 41. Kg1 Bg5 42. Bxg5 Qxg5 43. Rf5 Qe7 44. Qf3 Re2 45. Rf7 Qe5 46. Rb7 d3 47. Qxd3 Qd4+ 48. Qxd4+ cxd4 49. Nf4 Re4 50. Nh5 Rf8 51. g5 Rh4 52. Nf6 d3 53. Rd7 d2 54. Kg2 d1Q 55. Rxd1 h6 56. Ng4 hxg5 57. Ne5 Rh6 58. Rd7 Kg8 59. Ng4 Rc6 60. Rd5 Rc2+ 61. Kg1 Rc5 62. Rd6 b5 63. Rd7 bxa4 64. bxa4 Rf3 65. Kg2 Rb3 66. Nf6+ Kf8 67. Nh7+ 1/2-1/2

[Event "NOR-chT 1314"]
[Site "Norway"]
[Date "2014.01.10"]
[Round "4.5"]
[White "Johansen, Paul Arne"]
[Black "Moen, Andreas"]
[Result "0-1"]
[WhiteElo "2088"]
[BlackElo "2365"]
[PlyCount "66"]
[EventDate "2013.11.01"]
[EventType "team-tourn"]
[EventRounds "9"]
[EventCountry "NOR"]
[SourceTitle "EXT 2015"]
[Source "ChessBase"]
[SourceDate "2014.11.20"]
[SourceVersion "1"]
[SourceVersionDate "2014.11.20"]
[SourceQuality "1"]
[WhiteTeam "Moss"]
[BlackTeam "OSS"]
[WhiteTeamCountry "NOR"]
[BlackTeamCountry "NOR"]

1. d4 Nf6 2. c4 c6 3. Nc3 d5 4. e3 e6 5. Nf3 Nbd7 6. cxd5 exd5 7. Bd3 Bd6 8. 0-0 0-0 9. Qc2 Re8 10. Rb1 Qe7 11. a3 Ne4 12. b4 Ndf6 13. Bb2 Bf5 14. h3 Qe6 15. Ng5 Qe7 16. Rfe1 Rac8 17. Ngxe4 dxe4 18. Bf1 h5 19. f4 h4 20. Qd1 Bb8 21. Bc4 g5 22. g4 hxg3 23. fxg5 g2 24. gxf6 Qd6 25. Bxf7+ Kxf7 26. Kf2 g1Q+ 27. Rxg1 Qh2+ 28. Ke1 Qxg1+ 29. Kd2 Qf2+ 30. Ne2 Rg8 31. Qb3+ Be6 32. Qc3 Rg2 33. Re1 Bg3 0-1

[Event "NOR-chT 1314"]
[Site "Norway"]
[Date "2013.11.01"]
[Round "1.3"]
[White "Thorstensen, Trond"]
[Black "Johansen, Paul Arne"]
[Result "1/2-1/2"]
[WhiteElo "2219"]
[BlackElo "2088"]
[PlyCount "53"]
[EventDate "2013.11.01"]
[EventType "team-tourn"]
[EventRounds "9"]
[EventCountry "NOR"]
[SourceTitle "EXT 2014"]
[Source "ChessBase"]
[SourceDate "2013.11.20"]
[SourceVersion "1"]
[SourceVersionDate "2013.11.20"]
[SourceQuality "1"]
[WhiteTeam "Akademisk"]
[BlackTeam "Moss"]
[WhiteTeamCountry "NOR"]
[BlackTeamCountry "NOR"]

1. d4 d5 2. Nf3 Nf6 3. c4 c6 4. e3 e6 5. Nc3 Nbd7 6. Qc2 a6 7. Bd2 Be7 8. Rc1 0-0 9. Bd3 h6 10. 0-0 b5 11. b3 Ba3 12. Rcd1 Bd6 13. e4 dxe4 14. Nxe4 Nxe4 15. Bxe4 Bb7 16. Bc3 Nf6 17. Ne5 Nxe4 18. Qxe4 Qc7 19. c5 Be7 20. b4 Rad8 21. f4 Rd5 22. Rd3 f5 23. Qe2 Bf6 24. Re3 Bxe5 25. Rxe5 Rxe5 26. dxe5 Rd8 27. Rd1 1/2-1/2

[Event "NOR-chT 1213"]
[Site "Norway"]
[Date "2013.04.06"]
[Round "8"]
[White "Johansen, Paul Arne"]
[Black "Nilsen, Joachim Birger"]
[Result "1/2-1/2"]
[WhiteElo "2115"]
[BlackElo "2229"]
[PlyCount "199"]
[EventDate "2012.11.02"]
[EventType "team-tourn"]
[EventRounds "9"]
[EventCountry "NOR"]
[SourceTitle "EXT 2014"]
[Source "ChessBase"]
[SourceDate "2013.11.20"]
[SourceVersion "1"]
[SourceVersionDate "2013.11.20"]
[SourceQuality "1"]
[WhiteTeam "Moss"]
[BlackTeam "Bergens"]
[WhiteTeamCountry "NOR"]
[BlackTeamCountry "NOR"]

1. d4 Nf6 2. Nf3 e6 3. g3 b6 4. Bg2 Bb7 5. 0-0 c5 6. c3 Be7 7. dxc5 Bxc5 8. Nbd2 0-0 9. Qc2 Be7 10. e4 d6 11. Nd4 Qc7 12. Re1 Nbd7 13. N2b3 Rac8 14. Qe2 Rfe8 15. f3 Bf8 16. Be3 a6 17. Bf2 Qb8 18. Rad1 g6 19. Nc2 Qa8 20. g4 Ne5 21. Bg3 h6 22. Ne3 g5 23. Bxe5 dxe5 24. Nc4 Bc5+ 25. Kh1 Qb8 26. Nxc5 Rxc5 27. Nd6 Rf8 28. Nxb7 Qxb7 29. Bf1 b5 30. Rd2 Rc7 31. Red1 Nd7 32. Qe3 Nc5 33. h4 f6 34. c4 b4 35. b3 a5 36. Kh2 Kg7 37. Kg3 Rff7 38. Rh2 Qb6 39. Be2 Rcd7 40. Rdh1 Kf8 41. hxg5 hxg5 42. Rh8+ Ke7 43. Rc8 Rc7 44. Rg8 Rf8 45. Rxf8 Kxf8 46. Qg1 Ke7 47. Kg2 Rd7 48. Qh2 Qd8 49. Qh7+ Kd6 50. Rd1+ Kc6 51. Rxd7 Nxd7 52. Qf7 Kd6 53. Kf1 Qe7 54. Qg8 Qf8 55. c5+ Kc7 56. Qxe6 Nxc5 57. Qc4 Qd6 58. Ke1 Qc6 59. Kd2 Ne6 60. Ke3 Qxc4 61. Bxc4 Nd4 62. Bf1 Kd6 63. Bc4 Kc5 64. Bd3 Nc6 65. Be2 Na7 66. Bd3 Nc8 67. Be2 Nb6 68. Bd1 Nc8 69. Be2 Nd6 70. Bd3 Ne8 71. Be2 Nc7 72. Bc4 a4 73. Be2 axb3 74. axb3 Ne6 75. Bc4 Nd4 76. Bf7 Nc2+ 77. Kd2 Na3 78. Kd3 Nb5 79. Bc4 Nd6 80. Be6 Ne8 81. Bc4 Nc7 82. Ke3 Na8 83. Kd3 Nb6 84. Be6 Kb5 85. Ke3 Kc6 86. Kd3 Kd6 87. Bg8 Kc5 88. Be6 Na8 89. Bd5 Nc7 90. Bc4 Ne8 91. Ke3 Nd6 92. Bd3 Nf7 93. Bc4 Nh8 94. Ba6 Ng6 95. Bc4 Nf4 96. Bf1 Ne6 97. Bc4 Nd4 98. Bf7 Nc2+ 99. Kd2 Na3 100. Kd3 1/2-1/2

[Event "NOR-chT 1213"]
[Site "Norway"]
[Date "2012.11.02"]
[Round "1"]
[White "Johansen, Paul Arne"]
[Black "Laverton, Christian"]
[Result "1/2-1/2"]
[WhiteElo "2115"]
[BlackElo "2096"]
[PlyCount "92"]
[EventDate "2012.11.02"]
[EventType "team-tourn"]
[EventRounds "9"]
[EventCountry "NOR"]
[SourceTitle "EXT 2013"]
[Source "ChessBase"]
[SourceDate "2012.11.22"]
[SourceVersion "1"]
[SourceVersionDate "2012.11.22"]
[SourceQuality "1"]
[WhiteTeam "Moss"]
[BlackTeam "Trondheim"]
[WhiteTeamCountry "NOR"]
[BlackTeamCountry "NOR"]

1. Nf3 d5 2. c4 c6 3. e3 Nf6 4. Nc3 a6 5. d4 b5 6. cxd5 cxd5 7. a3 Bg4 8. Be2 Nbd7 9. h3 Bxf3 10. Bxf3 e6 11. 0-0 Be7 12. e4 dxe4 13. Nxe4 Rc8 14. Nc3 0-0 15. Bf4 Qb6 16. Be3 Qb8 17. Qe2 Rfe8 18. Rac1 Nb6 19. Ne4 Nxe4 20. Bxe4 Bf6 21. Rxc8 Rxc8 22. Qh5 g6 23. Qf3 Bg7 24. Rd1 Rd8 25. Bf4 Qa7 26. Rc1 Qe7 27. Rc7 Rd7 28. Qc3 Rxc7 29. Bxc7 Bxd4 30. Qc6 Nc4 31. b3 Nd2 32. Bc2 Qxa3 33. Bd3 Qa1+ 34. Kh2 Bxf2 35. h4 Qg1+ 36. Kh3 Qh1+ 37. Bh2 Bg1 38. Qc8+ Kg7 39. Qc3+ Kf8 40. Qc8+ Ke7 41. Qc7+ Kf6 42. Qe5+ Ke7 43. Qc7+ Kf8 44. Qc8+ Kg7 45. Qc3+ f6 46. Qc7+ Kf8 1/2-1/2

[Event "Oslo Elo op"]
[Site "Oslo"]
[Date "2012.09.30"]
[Round "5"]
[White "Johansen, Paul Arne"]
[Black "Narva, Triin"]
[Result "1/2-1/2"]
[WhiteElo "2124"]
[BlackElo "2043"]
[PlyCount "126"]
[EventDate "2012.09.30"]
[EventType "swiss"]
[EventRounds "9"]
[EventCountry "NOR"]
[SourceTitle "EXT 2013"]
[Source "ChessBase"]
[SourceDate "2012.11.22"]
[SourceVersion "1"]
[SourceVersionDate "2012.11.22"]
[SourceQuality "1"]

1. c4 Nf6 2. Nc3 g6 3. g3 Bg7 4. Bg2 0-0 5. Nf3 d6 6. d4 Nbd7 7. 0-0 e5 8. e3 Ne8 9. h4 h6 10. c5 f5 11. cxd6 Nxd6 12. dxe5 Nxe5 13. Nxe5 Bxe5 14. Qc2 c6 15. Rd1 Qe7 16. a4 Be6 17. Ne2 Rad8 18. Nd4 Bf7 19. Bd2 f4 20. Nxc6 bxc6 21. exf4 Bd4 22. Ba5 Bb6 23. Bxb6 axb6 24. Qxc6 Nc4 25. Bd5 Rxd5 26. Rxd5 Bxd5 27. Qxd5+ Qf7 28. Qd4 Qe6 29. Rc1 Na5 30. b4 Nb3 31. Qc4 Re8 32. Qxe6+ Rxe6 33. Rc3 Nd4 34. Kg2 Nc6 35. Rc4 Kf7 36. g4 Ke7 37. b5 Na5 38. Rc7+ Kd6 39. Rf7 Kc5 40. f5 Rd6 41. Kg3 gxf5 42. Rxf5+ Kb4 43. Rf4+ Kc5 44. g5 hxg5 45. hxg5 Nb3 46. Rg4 Rg6 47. Kh4 Kd5 48. Kh5 Rg8 49. Kh6 Nd4 50. Kh7 Rf8 51. g6 Ne6 52. f4 Ke4 53. g7 Rf7 54. Rg6 Nxg7 55. Rxb6 Ra7 56. Kg6 Kxf4 57. Rf6+ Ke5 58. b6 Rxa4 59. Kxg7 Rb4 60. Kf7 Kd5 61. Ke7 Kc5 62. Kd7 Rxb6 63. Rxb6 Kxb6 1/2-1/2

[Event "NOR-chT 1112"]
[Site "Norway"]
[Date "2012.01.13"]
[Round "4"]
[White "Johansen, Paul Arne"]
[Black "Jaeger, Frode Bull"]
[Result "0-1"]
[WhiteElo "2127"]
[BlackElo "2153"]
[PlyCount "86"]
[EventDate "2011.11.04"]
[EventType "team-tourn"]
[EventRounds "9"]
[EventCountry "NOR"]
[SourceTitle "EXT 2013"]
[Source "ChessBase"]
[SourceDate "2012.11.22"]
[SourceVersion "1"]
[SourceVersionDate "2012.11.22"]
[SourceQuality "1"]
[WhiteTeam "Moss"]
[BlackTeam "Tromsoe"]
[WhiteTeamCountry "NOR"]
[BlackTeamCountry "NOR"]

1. c4 Nf6 2. Nc3 e5 3. e4 Bc5 4. d3 0-0 5. Bg5 h6 6. Bh4 Nc6 7. a3 a5 8. Be2 Nd4 9. Nf3 d6 10. Nxd4 Bxd4 11. g4 c6 12. Bf3 a4 13. h3 b5 14. cxb5 cxb5 15. Qc1 g5 16. Bg3 Be6 17. 0-0 Rb8 18. Ne2 Qb6 19. h4 Nh7 20. Kg2 Rbc8 21. Qd2 Kg7 22. Rac1 f6 23. Nxd4 Qxd4 24. Be2 d5 25. f3 dxe4 26. fxe4 Qd7 27. Rxc8 Rxc8 28. Qd1 h5 29. hxg5 Nxg5 30. Rf5 Bxf5 31. gxf5 Nxe4 32. Bxh5 Ng5 33. Bg4 Qc6+ 34. Kf2 Qc2+ 35. Ke3 Qxb2 36. Qh1 Qd4+ 37. Kd2 Qb2+ 38. Ke3 Qd4+ 39. Kd2 e4 40. Be2 Nf3+ 41. Bxf3 Qxd3+ 42. Ke1 Rc1+ 43. Kf2 Qd2+ 0-1

[Event "NOR-ch Rapid A"]
[Site "Fredrikstad"]
[Date "2012.01.07"]
[Round "2"]
[White "Johansen, Paul Arne"]
[Black "Haugli, Petter"]
[Result "0-1"]
[WhiteElo "2031"]
[BlackElo "2281"]
[PlyCount "82"]
[EventDate "2012.01.07"]
[EventType "swiss (rapid)"]
[EventRounds "10"]
[EventCountry "NOR"]
[SourceTitle "EXT 2023"]
[Source "ChessBase"]
[SourceDate "2022.10.05"]
[SourceVersion "1"]
[SourceVersionDate "2022.10.05"]
[SourceQuality "1"]

1. d4 Nf6 2. Bg5 e6 3. e4 c5 4. Bxf6 Qxf6 5. e5 Qd8 6. Nf3 Qb6 7. Nc3 cxd4 8. Nb5 Nc6 9. a3 a6 10. Nbxd4 Qxb2 11. Be2 Qc3+ 12. Kf1 Nxd4 13. Nxd4 Bc5 14. Nb3 Qxe5 15. Bf3 0-0 16. g3 Ba7 17. Kg2 d5 18. Re1 Qc3 19. a4 Bd7 20. a5 Rac8 21. Ra2 Rc7 22. Nc1 Rfc8 23. Nd3 Qd4 24. Re2 Bb5 25. Rd2 Rc3 26. Nf4 Qf6 27. Kg1 g5 28. Nd3 Bxd3 29. Rxd3 g4 30. Rxc3 Rxc3 31. Bxg4 Qxf2+ 32. Kh1 Bd4 33. Be2 h5 34. Bd3 Rxd3 35. cxd3 Qxa2 36. Qxh5 Qb1+ 37. Kg2 Qg1+ 38. Kh3 Qf1+ 39. Kg4 Qe2+ 40. Kg5 Bf6+ 41. Kh6 Qe3+ 0-1

[Event "Riga RTU op-A"]
[Site "Riga"]
[Date "2011.08.09"]
[Round "1"]
[White "Johansen, Paul Arne"]
[Black "Akesson, Ralf"]
[Result "0-1"]
[WhiteElo "2132"]
[BlackElo "2429"]
[PlyCount "110"]
[EventDate "2011.08.09"]
[EventType "swiss"]
[EventRounds "9"]
[EventCountry "LAT"]
[SourceTitle "EXT 2012"]
[Source "ChessBase"]
[SourceDate "2011.11.24"]
[SourceVersion "1"]
[SourceVersionDate "2011.11.24"]
[SourceQuality "1"]

1. d4 Nf6 2. Nf3 e6 3. Bf4 b6 4. e3 Bb7 5. Bd3 c5 6. 0-0 Nc6 7. c3 Be7 8. h3 0-0 9. Qe2 d5 10. Nbd2 Bd6 11. Bxd6 Qxd6 12. e4 dxe4 13. Nxe4 Nxe4 14. Qxe4 f5 15. Qh4 cxd4 16. cxd4 Rad8 17. Bc4 h6 18. Rfe1 Bc8 19. Rad1 Na5 20. b3 Nxc4 21. bxc4 Ba6 22. Ne5 Rc8 23. d5 exd5 24. Rxd5 Qe6 25. Nf3 Qf6 26. Qxf6 Rxf6 27. Re7 Bxc4 28. Rdd7 Rf7 29. Rxf7 Bxf7 30. Rxa7 Rc1+ 31. Kh2 Rc2 32. Ra8+ Kh7 33. Rf8 Bg6 34. Kg3 Rxa2 35. Nd4 Rd2 36. Nxf5 Rd7 37. Nh4 Rb7 38. Nxg6 Kxg6 39. Rf3 b5 40. Rb3 Kf5 41. Kf3 Ke5 42. Ke3 Kd5 43. Kd3 Kc5 44. f4 Rf7 45. g3 b4 46. Kc2 Re7 47. Rf3 Kc4 48. g4 Re2+ 49. Kc1 Kd4 50. Rb3 Re3 51. Kc2 Rxb3 52. Kxb3 Ke4 53. g5 Kxf4 54. gxh6 gxh6 55. Kxb4 Kg3 0-1

[Event "NOR-chT 0910"]
[Site "Norway"]
[Date "2010.01.09"]
[Round "5"]
[White "Johansen, Paul Arne"]
[Black "Kovachev, Daniel Jakobsen"]
[Result "0-1"]
[WhiteElo "2119"]
[BlackElo "2243"]
[PlyCount "78"]
[EventDate "2009.11.06"]
[EventType "team"]
[EventRounds "9"]
[EventCountry "NOR"]
[SourceTitle "EXT 2011"]
[Source "ChessBase"]
[SourceDate "2010.11.26"]
[SourceVersion "1"]
[SourceVersionDate "2010.11.26"]
[SourceQuality "1"]
[WhiteTeam "Moss"]
[BlackTeam "Oslo SS"]
[WhiteTeamCountry "NOR"]
[BlackTeamCountry "NOR"]

1. c4 Nf6 2. Nc3 e5 3. Nf3 Nc6 4. d4 exd4 5. Nxd4 Bb4 6. Nc2 Bxc3+ 7. bxc3 Ne4 8. Qd3 Nc5 9. Qe3+ Qe7 10. Ba3 b6 11. Bxc5 bxc5 12. Qxe7+ Kxe7 13. e3 Ba6 14. 0-0-0 Rab8 15. Na3 Rb6 16. Nb5 Rhb8 17. a4 Na5 18. Kc2 c6 19. Ra1 Bc8 20. Nxa7 Rb2+ 21. Kd3 Ba6 22. Nb5 Nb3 23. Ra3 cxb5 24. cxb5 Bc8 25. c4 Na5 26. f3 d6 27. Kc3 Rb1 28. Kc2 Rb4 29. Bd3 Be6 30. Rb1 Rxb1 31. Kxb1 Bxc4 32. Bc2 d5 33. Kc1 Kd6 34. Bd3 Bxd3 35. Rxd3 c4 36. Ra3 Kc5 37. Kc2 Re8 38. Kd2 Kb4 39. Ra2 Nb3+ 0-1

[Event "EU-Cup 25th"]
[Site "Ohrid"]
[Date "2009.10.04"]
[Round "1.5"]
[White "Chabanon, Jean Luc"]
[Black "Johansen, Paul Arne"]
[Result "1-0"]
[WhiteElo "2440"]
[BlackElo "2102"]
[PlyCount "75"]
[EventDate "2009.10.04"]
[EventType "team-swiss"]
[EventRounds "7"]
[EventCountry "MKD"]
[SourceTitle "CBM 133"]
[Source "ChessBase"]
[SourceDate "2009.11.19"]
[SourceVersion "1"]
[SourceVersionDate "2009.11.19"]
[SourceQuality "1"]
[WhiteTeam "Evry Grand Roque"]
[BlackTeam "Moss"]
[WhiteTeamCountry "FRA"]
[BlackTeamCountry "NOR"]

1. d4 Nf6 2. c4 c5 3. d5 e6 4. Nc3 exd5 5. cxd5 d6 6. e4 g6 7. f4 Bg7 8. Bb5+ Nfd7 9. Nf3 a6 10. Bd3 b5 11. 0-0 0-0 12. Be3 Qc7 13. Rc1 Re8 14. Bf2 c4 15. Bb1 Nc5 16. b4 Ncd7 17. a4 Qb7 18. axb5 axb5 19. Nd4 Bxd4 20. Bxd4 Na6 21. Qd2 f6 22. Nd1 Qc7 23. Ne3 Qd8 24. h4 Qe7 25. h5 Nab8 26. Rf3 Nf8 27. Rg3 Ra6 28. Kf2 g5 29. fxg5 fxg5 30. Nf5 Bxf5 31. exf5 h6 32. f6 Qf7 33. Rxg5+ hxg5 34. Qxg5+ Kh8 35. Qh6+ Nh7 36. Bxh7 Qxh7 37. f7+ Re5 38. f8R# 1-0

[Event "NOR-chT Ishav 0708"]
[Site "Oslo"]
[Date "2008.03.28"]
[Round "7.5"]
[White "Johansen, Paul Arne"]
[Black "Bjerke, Silje"]
[Result "0-1"]
[WhiteElo "2042"]
[BlackElo "2151"]
[PlyCount "136"]
[EventDate "2007.11.09"]
[EventType "team-swiss"]
[EventRounds "9"]
[EventCountry "NOR"]
[SourceTitle "EXT 2010"]
[Source "ChessBase"]
[SourceDate "2010.11.25"]
[SourceVersion "1"]
[SourceVersionDate "2010.11.25"]
[SourceQuality "1"]

1. Nf3 Nf6 2. c4 e6 3. d4 d5 4. e3 c6 5. a3 Nbd7 6. Nc3 Bd6 7. cxd5 exd5 8. Bd3 0-0 9. 0-0 Re8 10. Qc2 Nf8 11. h3 Qe7 12. b4 a6 13. Na4 Bc7 14. Bb2 Ng6 15. Rac1 Ne4 16. Nc3 Ng5 17. Nxg5 Qxg5 18. f4 Qd8 19. Rf3 Nf8 20. f5 Qd6 21. g4 Bd7 22. Qf2 h6 23. Ne2 Nh7 24. h4 Nf6 25. Qg2 Ne4 26. Nf4 Rac8 27. Rc2 Qe7 28. Qh3 a5 29. bxa5 Bxa5 30. Bc1 Bd8 31. Ng2 Ra8 32. Bxe4 Qxe4 33. Rcf2 Be7 34. Rf4 Qb1 35. Rf1 Qd3 36. Ne1 Qc3 37. Nf3 Bd6 38. g5 Bxf4 39. exf4 h5 40. Qg2 Bxf5 41. Bb2 Qe3+ 42. Qf2 Qxf4 43. Ne5 Qxf2+ 44. Rxf2 g6 45. Rf3 Rec8 46. Rb3 Ra7 47. Kf2 c5 48. dxc5 Rxc5 49. Bd4 Rc2+ 50. Ke3 Ra4 51. Nf3 Rc7 52. Bf6 Bc2 53. Rb6 Rxa3+ 54. Kf4 Rc4+ 55. Nd4 Rd3 56. Rxb7 Rcxd4+ 57. Ke5 Re4+ 58. Kd6 Re8 59. Rb4 Rd1 60. Kd7 Ra8 61. Rb2 Bf5+ 62. Kd6 d4 63. Rb4 d3 64. Bc3 d2 65. Rb2 Rb1 66. Rxd2 Rd8+ 67. Ke7 Rxd2 68. Bxd2 Rh1 0-1

[Event "NOR-chT Ishav 0708"]
[Site "Oslo"]
[Date "2007.11.09"]
[Round "1"]
[White "Thorstensen, Trond"]
[Black "Johansen, Paul Arne"]
[Result "1-0"]
[WhiteElo "2152"]
[BlackElo "2042"]
[PlyCount "115"]
[EventDate "2007.11.09"]
[EventType "team-swiss"]
[EventRounds "9"]
[EventCountry "NOR"]
[SourceTitle "EXT 2010"]
[Source "ChessBase"]
[SourceDate "2010.11.25"]
[SourceVersion "1"]
[SourceVersionDate "2010.11.25"]
[SourceQuality "1"]

1. d4 Nf6 2. c4 c5 3. d5 e6 4. Nc3 exd5 5. cxd5 Bd6 6. Nf3 0-0 7. Bg5 Re8 8. e3 Bf8 9. Bd3 d6 10. Qc2 Nbd7 11. Bxh7+ Kh8 12. Bf5 Qa5 13. 0-0 c4 14. Rfd1 g6 15. Bxg6 fxg6 16. Qxg6 Bg7 17. Bh6 Re7 18. Rd4 Bxh6 19. Qxh6+ Rh7 20. Qg6 Rg7 21. Rh4+ Kg8 22. Qh6 Rh7 23. Qg6+ Rg7 24. Qf5 Qd8 25. Qe6+ Kf8 26. Qxd6+ Qe7 27. Qf4 Kg8 28. d6 Qf7 29. Ng5 Rxg5 30. Qxg5+ Qg7 31. Qxg7+ Kxg7 32. Rxc4 Kf7 33. f4 Ne8 34. Rd1 Ndf6 35. Rxc8 Rxc8 36. d7 Rd8 37. dxe8Q+ Rxe8 38. e4 Re7 39. e5 Ng4 40. h3 Ne3 41. Rd3 Nc4 42. b3 Nb6 43. g4 Rc7 44. Kf2 Nd7 45. Nb5 Rc2+ 46. Ke3 Nb6 47. Rd2 Rc1 48. h4 Ke6 49. Rd6+ Ke7 50. f5 Rc5 51. f6+ Kf7 52. Nxa7 Rxe5+ 53. Kd4 Re6 54. Rxe6 Kxe6 55. g5 Nd7 56. Nb5 Ne5 57. Ke4 Nd7 58. Nd4+ 1-0